| 000 | 00349nam a2200145Ia 4500 | ||
|---|---|---|---|
| 008 | 230312s9999||||xx |||||||||||||| ||und|| | ||
| 020 | _a1285084101 | ||
| 082 |
_a005.268 _bZAK-C |
||
| 100 | _aWard,Antony | ||
| 245 | 0 | _aGame character development | |
| 260 |
_bCengage _aUSA _c2014 |
||
| 300 | _a654 | ||
| 650 |
_aComputer _vProgramming |
||
| 942 | _cBK | ||
| 999 |
_c16118 _d16118 |
||